Cuộc phiêu lưu của Huck Finn = Adventure of Huckerleberry Finn
محفوظ في:
| المؤلف الرئيسي: | |
|---|---|
| التنسيق: | كتاب |
| اللغة: | Undetermined |
| منشور في: |
Hà Nội
Văn học
2001
|
| الموضوعات: | |
| الوسوم: |
إضافة وسم
لا توجد وسوم, كن أول من يضع وسما على هذه التسجيلة!
|
| Thư viện lưu trữ: | Trung tâm Học liệu Trường Đại học Cần Thơ |
|---|
| LEADER | 00566nam a2200181Ia 4500 | ||
|---|---|---|---|
| 001 | CTU_40685 | ||
| 008 | 210402s9999 xx 000 0 und d | ||
| 082 | |a 813.4 | ||
| 082 | |b T969av | ||
| 100 | |a Mark Twain | ||
| 245 | 0 | |a Cuộc phiêu lưu của Huck Finn | |
| 245 | 0 | |b = Adventure of Huckerleberry Finn | |
| 245 | 0 | |c Mark Twain, Xuân Oanh (dịch) | |
| 260 | |a Hà Nội | ||
| 260 | |b Văn học | ||
| 260 | |c 2001 | ||
| 650 | |a american fiction - 20th century,detective and mystery stories | ||
| 980 | |a Trung tâm Học liệu Trường Đại học Cần Thơ | ||